000 00521nam a2200181Ia 4500
999 _c8793
_d8793
003 OSt
005 20201009100925.0
008 190216s9999||||xx |||||||||||||| ||und||
020 _a8170299934
040 _coclc
082 _a005.133
_bKAN/G
100 _aKanetkar, Yashavant P
_95392
245 0 _aGraphics Under C /
_cYashavant P Kanetkar
260 _bBpb Publications,
_aNew Delhi:
_c2002.
300 _a454p
650 _aComputer Science
942 _cBK
_2ddc
_h005.133
_iKAN/G
_k005.133
_mKAN/G